000 00679nam a22002417a 4500
008 130428b xxu||||| |||| 00| 0 eng d
020 _a8120320476
024 _cAvailable
037 _cAvailable
082 _222
_a621.380414 PAS
100 _aBhattacharya, Pallab
110 _aDavid L. Stevens
245 _aSemiconductor Optoelectronic Devices
260 _aNew Delhi
_bPrentice-Hall of India
_c2005
300 _a23.5 cm
_b613 Page
_f5
_g23.5 cm
600 _aOptical
700 _aComer, Douglas E
710 _aDavid L. Stevens
270 _aNew Delhi
_bNew Delhi
_dIndia
365 _b425.00
_d425.00
942 _2ddc
_cBK
999 _c265
_d265